00575nam a2200169Ia 450000500170000000800410001710000200005824501430007826000110022130000210023244000480025365000150030165000170031665000190033365000200035265000330037220150122154205.0140626s9999 xx 000 0 und d aMorrow, Daniel. aHealth care research that delivers :bintroduction to the special issue on cognitive factors in health care /cDaniel Morrow ... [et al.]. cc2011. a17 : 3, page 191 aJournal of Experimental Psycholgy : Applied aCognition. aHealth care. aMedical error. aPatient safety. aUse-inspired basic research.